[Event "Titled Tuesday intern op 04th Mar Early"]
[Site "Chess.com INT"]
[Date "2025.03.04"]
[Round "11"]
[White "Ho, In Hei Henry"]
[Black "Bobkov, Vadim"]
[Result "1-0"]
[WhiteElo "1790"]
[BlackElo "2204"]
[PlyCount "63"]
[EventDate "2025.03.04"]
[EventType "swiss (blitz)"]
[EventRounds "11"]
[EventCountry "USA"]
[SourceTitle "CB11_2025"]
[SourceDate "2025.03.12"]
[SourceVersion "1"]
[SourceVersionDate "2025.03.12"]
[SourceQuality "1"]

1. e4 g6 2. d4 Bg7 3. Nc3 d6 4. f4 a6 5. Nf3 b5 6. Bd3 Bb7 7. 0-0 Nf6 8. e5 Nd5 9. Nxd5 Bxd5 10. c3 0-0 11. a4 c6 12. axb5 cxb5 13. Qe2 Nd7 14. f5 Nb6 15. fxg6 hxg6 16. Ng5 dxe5 17. dxe5 Nc4 18. Qg4 Nxe5 19. Qh3 Re8 20. Qh7+ Kf8 21. Bc2 Qb6+ 22. Kh1 Qc6 23. Qh3 b4 24. Nh7+ Kg8 25. Ng5 bxc3 26. bxc3 Rec8 27. Bf4 Qxc3 28. Qh7+ Kf8 29. Bxe5 Qxe5 30. Nxf7 Bxf7 31. Bxg6 Bf6 32. Qxf7# 1-0

[Event "Titled Tuesday intern op 04th Feb Late"]
[Site "Chess.com INT"]
[Date "2025.02.04"]
[Round "4"]
[White "Bobkov, Vadim"]
[Black "Byambaa, Uyanga"]
[Result "1-0"]
[WhiteElo "2204"]
[BlackElo "2010"]
[PlyCount "77"]
[EventDate "2025.02.04"]
[EventType "swiss (blitz)"]
[EventRounds "11"]
[EventCountry "USA"]
[SourceTitle "CB07_2025"]
[SourceDate "2025.02.12"]
[SourceVersion "1"]
[SourceVersionDate "2025.02.12"]
[SourceQuality "1"]

1. d4 Nf6 2. Bg5 Ne4 3. Bf4 d5 4. e3 g6 5. f3 Nf6 6. Bd3 Bg7 7. c4 dxc4 8. Bxc4 0-0 9. Ne2 c5 10. Nbc3 cxd4 11. exd4 Nc6 12. 0-0 Qb6 13. Be3 Qxb2 14. Nb5 Qb4 15. Bd3 a6 16. Bd2 axb5 17. Bxb4 Nxb4 18. Bxb5 Nfd5 19. Qd2 Bf5 20. Bc4 Nc2 21. Bxd5 Nxa1 22. Rxa1 Ra7 23. Qb4 Bf6 24. g4 Bd3 25. Kf2 Rd8 26. Bxf7+ Kg7 27. g5 Bxg5 28. Bb3 Rd6 29. Rd1 Ba6 30. d5 Ra8 31. Nd4 Bh4+ 32. Kg2 Bf6 33. Ne6+ Kf7 34. Qf4 Rg8 35. h4 h6 36. Qxh6 Rh8 37. Qf4 Rxh4 38. Ng5+ Kg7 39. Qxh4 1-0

[Event "Titled Tuesday intern op 04th Feb Late"]
[Site "Chess.com INT"]
[Date "2025.02.04"]
[Round "3"]
[White "Bobkov, Vadim"]
[Black "Guevara Ruiz, Santiago Jose"]
[Result "0-1"]
[WhiteElo "2204"]
[BlackElo "2113"]
[PlyCount "68"]
[EventDate "2025.02.04"]
[EventType "swiss (blitz)"]
[EventRounds "11"]
[EventCountry "USA"]
[SourceTitle "CB07_2025"]
[SourceDate "2025.02.12"]
[SourceVersion "1"]
[SourceVersionDate "2025.02.12"]
[SourceQuality "1"]

1. d4 Nf6 2. Bg5 Ne4 3. Bf4 d5 4. e3 c5 5. c3 Nc6 6. Bd3 Bf5 7. f3 Nd6 8. Bxd6 Bxd3 9. Bxe7 Bxe7 10. Qxd3 cxd4 11. exd4 0-0 12. Ne2 Bh4+ 13. g3 Bf6 14. 0-0 Re8 15. Na3 Qb6 16. Qd2 Re7 17. Rae1 Rae8 18. Nf4 Nxd4 19. cxd4 Qxd4+ 20. Qxd4 Bxd4+ 21. Kg2 Rxe1 22. Nxd5 R8e2+ 23. Kh3 Rxf1 24. Nc4 f5 25. Nd6 g6 26. Kh4 h6 27. h3 Rxf3 28. b4 Re5 29. Nf4 g5+ 30. Kh5 gxf4 31. gxf4 Rxf4 32. Kg6 Re6+ 33. Kh5 Rxd6 34. h4 Bf2 0-1

[Event "Titled Tuesday intern op 14th Jan Early"]
[Site "Chess.com INT"]
[Date "2025.01.14"]
[Round "3"]
[White "Gressmann, Moritz"]
[Black "Bobkov, Vadim"]
[Result "0-1"]
[WhiteElo "2122"]
[BlackElo "2204"]
[PlyCount "112"]
[EventDate "2025.01.14"]
[EventType "swiss (blitz)"]
[EventRounds "11"]
[EventCountry "USA"]
[SourceTitle "CB04_2025"]
[SourceDate "2025.01.22"]
[SourceVersion "1"]
[SourceVersionDate "2025.01.22"]
[SourceQuality "1"]

1. e4 g6 2. d4 Bg7 3. Nc3 d6 4. Be2 Nf6 5. h4 h5 6. Bg5 a6 7. Qd3 Nbd7 8. Nf3 0-0 9. e5 Ng4 10. e6 fxe6 11. Qxg6 Ndf6 12. Bxf6 Nxf6 13. Bd3 Qe8 14. Qg3 Ng4 15. 0-0-0 Qf7 16. Ne4 Qf4+ 17. Qxf4 Rxf4 18. Rdf1 Bd7 19. Ng3 Be8 20. c3 e5 21. dxe5 Nxe5 22. Nxe5 Bxe5 23. Nf5 e6 24. Ne3 Bc6 25. Rh3 Raf8 26. f3 Kf7 27. g4 hxg4 28. fxg4 Rxf1+ 29. Nxf1 Bf4+ 30. Kc2 e5 31. g5 Bg2 32. g6+ Kg7 33. Rh2 Bxf1 34. Rf2 Bxd3+ 35. Kxd3 Kxg6 36. Rg2+ Kf6 37. h5 Rh8 38. Rg6+ Kf7 39. Rg4 Rxh5 40. Kc4 c6 41. a4 Rh2 42. b4 b5+ 43. axb5 axb5+ 44. Kb3 Rf2 45. Rh4 Ke6 46. c4 Rf3+ 47. Kc2 bxc4 48. b5 cxb5 49. Rg4 b4 50. Kb2 Rf2+ 51. Kb1 b3 52. Rg6+ Kd5 53. Rf6 Rh2 54. Rg6 Be3 55. Rf6 Bd4 56. Kc1 Bc3 0-1

[Event "Titled Tuesday intern op 14th Jan Early"]
[Site "Chess.com INT"]
[Date "2025.01.14"]
[Round "4"]
[White "Klukin, Kirill"]
[Black "Bobkov, Vadim"]
[Result "1-0"]
[WhiteElo "2398"]
[BlackElo "2204"]
[PlyCount "99"]
[EventDate "2025.01.14"]
[EventType "swiss (blitz)"]
[EventRounds "11"]
[EventCountry "USA"]
[SourceTitle "CB04_2025"]
[SourceDate "2025.01.22"]
[SourceVersion "1"]
[SourceVersionDate "2025.01.22"]
[SourceQuality "1"]

1. d4 g6 2. Nf3 Bg7 3. c4 d6 4. Nc3 c5 5. e3 Nf6 6. Be2 0-0 7. 0-0 Bf5 8. b3 Ne4 9. Bb2 Nxc3 10. Bxc3 Nc6 11. Qd2 cxd4 12. Nxd4 Bd7 13. Rfd1 Qb6 14. Nb5 Rfd8 15. Bxg7 Kxg7 16. Nc3 Be6 17. Bf3 Qa5 18. Qb2 Kg8 19. Bd5 Rac8 20. Rac1 Nb4 21. Bxb7 Rb8 22. Bd5 Bxd5 23. Nxd5 Nxd5 24. Rxd5 Qb6 25. Rcd1 Rdc8 26. Qd4 Qxd4 27. R1xd4 Rb6 28. Ra5 Rc7 29. g4 Kg7 30. Kg2 h6 31. h4 Kf8 32. Kf3 Ke8 33. Rdd5 Kd7 34. Rdb5 Kc6 35. Rxb6+ Kxb6 36. Rb5+ Kc6 37. Rb8 Kc5 38. h5 gxh5 39. gxh5 e6 40. Kf4 d5 41. cxd5 Kxd5 42. Rd8+ Kc5 43. Rh8 Kb4 44. Rxh6 Rc2 45. f3 Ka3 46. Rf6 Rh2 47. Rxf7 a5 48. Kg5 Kxa2 49. Ra7 Rg2+ 50. Kf4 1-0

[Event "Titled Tuesday intern op 07th Jan Early"]
[Site "Chess.com INT"]
[Date "2025.01.07"]
[Round "2"]
[White "Bobkov, Vadim"]
[Black "Lima, Vinicius Taishun"]
[Result "1-0"]
[WhiteElo "2204"]
[BlackElo "1987"]
[PlyCount "53"]
[EventDate "2025.01.07"]
[EventType "swiss (blitz)"]
[EventRounds "11"]
[EventCountry "USA"]
[SourceTitle "CB03_2025"]
[SourceDate "2025.01.15"]
[SourceVersion "1"]
[SourceVersionDate "2025.01.15"]
[SourceQuality "1"]

1. d4 Nf6 2. Nc3 d5 3. Bf4 e6 4. Nb5 Na6 5. e3 c6 6. Nc3 Bb4 7. Bxa6 bxa6 8. Nf3 Ne4 9. 0-0 Nd6 10. Na4 0-0 11. Ne5 Bd7 12. a3 Ba5 13. Nc5 Be8 14. Nxa6 f6 15. Nd3 Bg6 16. Rc1 Qe7 17. b4 Bb6 18. Bxd6 Qxd6 19. c4 dxc4 20. Rxc4 e5 21. Nac5 exd4 22. Rxd4 Qe7 23. Qb3+ Kh8 24. Rd7 Qe8 25. Rb7 Rd8 26. Nf4 Bf5 27. Nce6 1-0

[Event "Titled Tuesday intern op 07th Jan Early"]
[Site "Chess.com INT"]
[Date "2025.01.07"]
[Round "4"]
[White "Bobkov, Vadim"]
[Black "Sahib, Singh"]
[Result "0-1"]
[WhiteElo "2204"]
[BlackElo "2430"]
[PlyCount "116"]
[EventDate "2025.01.07"]
[EventType "swiss (blitz)"]
[EventRounds "11"]
[EventCountry "USA"]
[SourceTitle "CB03_2025"]
[SourceDate "2025.01.15"]
[SourceVersion "1"]
[SourceVersionDate "2025.01.15"]
[SourceQuality "1"]

1. d4 d5 2. c4 c6 3. Nc3 Nf6 4. e3 g6 5. Nf3 Bg7 6. Bd3 0-0 7. 0-0 dxc4 8. Bxc4 b5 9. Bb3 Bb7 10. e4 b4 11. e5 bxc3 12. exf6 Bxf6 13. bxc3 Nd7 14. Bh6 Bg7 15. Bxg7 Kxg7 16. Rb1 Rb8 17. Re1 e6 18. Ne5 Nxe5 19. Rxe5 Qd6 20. Qe2 Rfc8 21. Rc5 Re8 22. Re1 Bc8 23. h3 Bd7 24. Qa6 Qc7 25. Re3 Rb6 26. Qa5 Qb7 27. h4 Ra6 28. Qb4 Qxb4 29. cxb4 Rb8 30. Rc4 Rab6 31. Re5 Rxb4 32. Ra5 Rxc4 33. Bxc4 Rb1+ 34. Kh2 Rb4 35. Bb3 Rxd4 36. Kg3 e5 37. Rxa7 Rg4+ 38. Kf3 Rf4+ 39. Ke3 Rd4 40. Rc7 Kf8 41. g3 Ke7 42. a4 f5 43. a5 f4+ 44. gxf4 Rb4 45. Bg8 exf4+ 46. Kf3 Kd6 47. Ra7 h5 48. Bf7 Bg4+ 49. Kg2 Bf5 50. Kf3 Ke5 51. Re7+ Kf6 52. Rc7 Be4+ 53. Ke2 Rb2+ 54. Ke1 Bf3 55. a6 Re2+ 56. Kf1 Rd2 57. Kg1 Rd1+ 58. Kh2 Rh1# 0-1

[Event "Titled Tuesday intern op 07th Jan Early"]
[Site "Chess.com INT"]
[Date "2025.01.07"]
[Round "6"]
[White "Shogdzhiev, Roman Sav"]
[Black "Bobkov, Vadim"]
[Result "0-1"]
[WhiteElo "2348"]
[BlackElo "2204"]
[PlyCount "64"]
[EventDate "2025.01.07"]
[EventType "swiss (blitz)"]
[EventRounds "11"]
[EventCountry "USA"]
[SourceTitle "CB03_2025"]
[SourceDate "2025.01.15"]
[SourceVersion "1"]
[SourceVersionDate "2025.01.15"]
[SourceQuality "1"]

1. e4 g6 2. d4 Bg7 3. Nf3 d6 4. Bd3 Nc6 5. c3 e5 6. 0-0 Bg4 7. d5 Nce7 8. h3 Bc8 9. c4 h6 10. Nc3 f5 11. b4 Nf6 12. c5 0-0 13. cxd6 cxd6 14. a4 f4 15. Nh2 g5 16. Be2 a6 17. Ba3 Ng6 18. Ng4 Nh4 19. Nxf6+ Rxf6 20. Bg4 f3 21. gxf3 h5 22. Bxh5 Bxh3 23. Bg4 Bxg4 24. fxg4 Nf3+ 25. Kg2 Qc8 26. Ne2 Nh4+ 27. Kh2 Qxg4 28. Ng3 Nf3+ 29. Kg2 Raf8 30. Rh1 Nh4+ 31. Kg1 Rxf2 32. Rh3 Qxh3 0-1

[Event "Titled Tuesday intern op 07th Jan Early"]
[Site "Chess.com INT"]
[Date "2025.01.07"]
[Round "7"]
[White "Sydykov, Bayastan"]
[Black "Bobkov, Vadim"]
[Result "0-1"]
[WhiteElo "2221"]
[BlackElo "2204"]
[PlyCount "98"]
[EventDate "2025.01.07"]
[EventType "swiss (blitz)"]
[EventRounds "11"]
[EventCountry "USA"]
[SourceTitle "CB03_2025"]
[SourceDate "2025.01.15"]
[SourceVersion "1"]
[SourceVersionDate "2025.01.15"]
[SourceQuality "1"]

1. e4 g6 2. Nf3 Bg7 3. d4 d6 4. Bd3 Nc6 5. c3 e5 6. d5 Nce7 7. 0-0 h6 8. c4 f5 9. Nc3 Bf6 10. Ne1 f4 11. g3 g5 12. Qh5+ Kf8 13. h4 Bg7 14. Ng2 Nf6 15. Qd1 Bh3 16. Kh2 Qd7 17. Be2 Rg8 18. Rh1 Bg4 19. Kg1 Bxe2 20. Qxe2 Kf7 21. f3 fxg3 22. hxg5 hxg5 23. Bxg5 Rh8 24. Nh4 Ng6 25. Nf5 Rxh1+ 26. Kxh1 Rh8+ 27. Kg1 Nf4 28. Bxf4 exf4 29. Qd2 Nh5 30. Ne2 Be5 31. Kg2 Ng7 32. Qd3 Rh2+ 33. Kg1 Nxf5 34. exf5 Qe7 35. f6 Qxf6 36. Rd1 Rh1+ 37. Kg2 Rh2+ 38. Kg1 Qh4 39. Qf5+ Kg7 40. Qd7+ Kg6 41. Qe6+ Kh7 42. Qf5+ Kh8 43. Qf8+ Kh7 44. Qf5+ Kg7 45. Qd7+ Kg6 46. Qe8+ Kh6 47. Qe6+ Bf6 48. Nxf4 Rh1+ 49. Kg2 Qh2# 0-1

[Event "RUS Cup tt"]
[Site "Sochi"]
[Date "2024.11.27"]
[Round "1.2"]
[White "Grischuk, Alexander"]
[Black "Bobkov, Vadim"]
[Result "1-0"]
[WhiteElo "2689"]
[BlackElo "2253"]
[PlyCount "89"]
[EventDate "2024.11.27"]
[EventType "team-swiss"]
[EventRounds "7"]
[EventCountry "RUS"]
[SourceTitle "CB50_2024"]
[SourceDate "2024.11.01"]
[SourceVersion "1"]
[SourceVersionDate "2024.11.01"]
[SourceQuality "2"]
[WhiteTeam "KPRF Club"]
[BlackTeam "ShAAKh"]
[WhiteTeamCountry "RUS"]
[BlackTeamCountry "RUS"]

1. e4 g6 2. d4 Bg7 3. c4 d6 4. Nc3 c5 5. Nge2 Qa5 6. d5 b5 7. cxb5 a6 8. Ng3 axb5 9. Bxb5+ Bd7 10. Be2 h5 11. Bd2 Qb6 12. Rb1 Nf6 13. Nf1 0-0 14. Ne3 Na6 15. 0-0 Rfb8 16. h3 Nc7 17. a4 Qb3 18. Qc1 Qb7 19. b3 Qc8 20. Qd1 Qd8 21. Nc4 Bc8 22. Re1 e6 23. Bg5 exd5 24. exd5 Qf8 25. Bf4 Ra6 26. Bf1 Bf5 27. Rc1 Bd7 28. Bg3 Bh6 29. Rb1 Rb4 30. Qf3 Bf5 31. Bd3 Bxd3 32. Qxd3 Bg7 33. Nb5 Ncxd5 34. Bxd6 Qc8 35. Rbd1 Bf8 36. Qf3 Qc6 37. Re5 Bg7 38. Ree1 Raxa4 39. Ne5 Qxb5 40. bxa4 Qxa4 41. Rxd5 Rf4 42. Qd1 Nxd5 43. Qxd5 Rf5 44. Qxc5 Qf4 45. Nf3 1-0

[Event "Titled Tuesday intern op 26th Nov Late"]
[Site "Chess.com INT"]
[Date "2024.11.26"]
[Round "9"]
[White "Ardila, Oscar Humberto"]
[Black "Bobkov, Vadim"]
[Result "0-1"]
[WhiteElo "1973"]
[BlackElo "2253"]
[PlyCount "70"]
[EventDate "2024.11.26"]
[EventType "swiss (blitz)"]
[EventRounds "11"]
[EventCountry "USA"]
[SourceTitle "CB49_2024"]
[SourceDate "2024.12.04"]
[SourceVersion "1"]
[SourceVersionDate "2024.12.04"]
[SourceQuality "1"]

1. d4 f6 2. c4 c5 3. Nc3 Nc6 4. d5 Ne5 5. e4 d6 6. f4 Nf7 7. Bd3 e5 8. h3 Ne7 9. Nf3 g6 10. 0-0 Bg7 11. Be3 0-0 12. Qd2 exf4 13. Bxf4 Ne5 14. Nxe5 dxe5 15. Be3 b6 16. Rad1 Ba6 17. b3 Nc8 18. Bh6 Nd6 19. Be3 f5 20. exf5 gxf5 21. Bg5 Qe8 22. Qc2 Qg6 23. Be7 e4 24. Be2 Be5 25. Bh4 Rae8 26. Nb5 Bxb5 27. cxb5 Rf7 28. Kh1 Rg7 29. Bc4 f4 30. Rde1 Qh6 31. Bf2 f3 32. Be3 Qh4 33. Bf2 fxg2+ 34. Kg1 Qxh3 35. Be3 gxf1Q# 0-1

[Event "Titled Tuesday intern op 26th Nov Late"]
[Site "Chess.com INT"]
[Date "2024.11.26"]
[Round "3"]
[White "Tang, Dylan"]
[Black "Bobkov, Vadim"]
[Result "1-0"]
[WhiteElo "2192"]
[BlackElo "2253"]
[PlyCount "73"]
[EventDate "2024.11.26"]
[EventType "swiss (blitz)"]
[EventRounds "11"]
[EventCountry "USA"]
[SourceTitle "CB49_2024"]
[SourceDate "2024.12.04"]
[SourceVersion "1"]
[SourceVersionDate "2024.12.04"]
[SourceQuality "1"]

1. e4 e5 2. Nf3 d5 3. exd5 e4 4. Qe2 Nf6 5. d3 Qxd5 6. Nbd2 Be7 7. Nxe4 0-0 8. g3 Bf5 9. Nxf6+ Bxf6 10. Bg2 Nc6 11. 0-0 Rfe8 12. Be3 Qb5 13. Rab1 Rad8 14. Qd2 h6 15. b3 Qb4 16. Rfe1 Bc3 17. Qd1 Bxe1 18. Nxe1 Qc3 19. Bxc6 bxc6 20. Nf3 Bg4 21. Qd2 Qf6 22. Ne1 Bh3 23. a4 Qd6 24. Ng2 g5 25. f4 Qd5 26. Re1 Qf3 27. Qf2 Bxg2 28. Qxg2 Rxe3 29. Qxf3 Rxe1+ 30. Kf2 Rde8 31. fxg5 hxg5 32. Qg4 f6 33. h4 Kf7 34. hxg5 fxg5 35. Qxg5 R8e2+ 36. Kf3 Rf1+ 37. Kxe2 1-0

[Event "Titled Tuesday intern op 24th Sep Early"]
[Site "Chess.com INT"]
[Date "2024.09.24"]
[Round "8"]
[White "Bobkov, Vadim"]
[Black "Esipenko, Andrey"]
[Result "0-1"]
[WhiteElo "2253"]
[BlackElo "2677"]
[PlyCount "98"]
[EventDate "2024.09.24"]
[EventType "swiss (blitz)"]
[EventRounds "11"]
[EventCountry "USA"]
[SourceTitle "EXT 2025"]
[Source "ChessBase"]
[SourceDate "2024.10.14"]
[SourceVersion "1"]
[SourceVersionDate "2024.10.14"]
[SourceQuality "1"]

1. d4 Nf6 2. c4 e6 3. Nc3 d5 4. cxd5 exd5 5. Bg5 c6 6. e3 Be7 7. Bd3 h6 8. Bh4 0-0 9. Nge2 a5 10. f3 b5 11. Bf2 Re8 12. 0-0 Bf8 13. h3 Nbd7 14. Rc1 Nb6 15. Ng3 Bd6 16. b3 Bc7 17. Nce2 Bb7 18. e4 dxe4 19. fxe4 Nc8 20. e5 Nd5 21. Ne4 Nce7 22. N2g3 Bc8 23. Qf3 Rf8 24. Nh5 Bf5 25. Nef6+ gxf6 26. Bxf5 Nxf5 27. Qxf5 fxe5 28. Rxc6 Qg5 29. Qe4 Qxh5 30. Qxd5 Rad8 31. Qxb5 Bb8 32. Qxa5 Qg5 33. dxe5 Bxe5 34. Rc5 Rfe8 35. Re1 f6 36. a4 Qf4 37. Qb5 Qh2+ 38. Kf1 Qh1+ 39. Bg1 Re7 40. Qc4+ Kh8 41. Rc8 Red7 42. Rxd8+ Rxd8 43. Kf2 Rg8 44. Qe4 Bg3+ 45. Ke2 Bxe1 46. Bd4 Rxg2+ 47. Kd3 Rg3+ 48. Be3 Qf1+ 49. Kd4 Rg8 0-1

[Event "Titled Tuesday intern op 24th Sep Late"]
[Site "Chess.com INT"]
[Date "2024.09.24"]
[Round "3"]
[White "Bobkov, Vadim"]
[Black "Mikhalsky, Vladimir"]
[Result "0-1"]
[WhiteElo "2253"]
[BlackElo "2219"]
[PlyCount "134"]
[EventDate "2024.09.24"]
[EventType "swiss (blitz)"]
[EventRounds "11"]
[EventCountry "USA"]
[SourceTitle "EXT 2025"]
[Source "ChessBase"]
[SourceDate "2024.10.14"]
[SourceVersion "1"]
[SourceVersionDate "2024.10.14"]
[SourceQuality "1"]

1. e4 g6 2. d4 Bg7 3. h4 h5 4. Be3 Nf6 5. e5 Ng4 6. Bg5 d5 7. Bd3 c5 8. c3 Nc6 9. Ne2 Qb6 10. f3 cxd4 11. fxg4 Qxb2 12. Nd2 dxc3 13. Nb3 Bxg4 14. Rb1 Qxa2 15. Nbc1 Qa5 16. 0-0 Qc5+ 17. Kh1 d4 18. Nb3 Qxe5 19. Bf4 Qd5 20. Qc2 Nb4 21. Qd1 0-0 22. Nbxd4 Nxd3 23. Qxd3 Bf5 24. Qf3 Qxf3 25. Nxf3 Bxb1 26. Rxb1 b6 27. Rd1 Rfd8 28. Rc1 Rac8 29. Be5 Bxe5 30. Nxe5 c2 31. Kh2 Rd1 32. Kg3 Rxc1 33. Nxc1 b5 34. Ned3 a5 35. Kf2 b4 36. Ke2 a4 37. Nxb4 a3 38. Kd2 Rb8 39. Nca2 Rc8 40. Nxc2 Rc4 41. Nc3 Rxh4 42. Nxa3 Rg4 43. Ke3 Rg3+ 44. Kd4 Rxg2 45. Ne4 Rg4 46. Ke3 f5 47. Nc5 Rb4 48. Nd3 Rb3 49. Nc4 g5 50. Kd4 h4 51. Nce5 h3 52. Nc5 Ra3 53. Ncd3 h2 54. Nf2 Ra1 55. Nf3 h1Q 56. Nxh1 Rxh1 57. Nxg5 Kg7 58. Ke5 Rf1 59. Ne6+ Kg6 60. Nf8+ Kf7 61. Nd7 e6 62. Nc5 Re1+ 63. Kf4 Kf6 64. Nd7+ Ke7 65. Nc5 Kd6 66. Nd3 Rd1 67. Nb4 Rd4+ 0-1

[Event "Titled Tuesday intern op 24th Sep Early"]
[Site "Chess.com INT"]
[Date "2024.09.24"]
[Round "6"]
[White "Bobkov, Vadim"]
[Black "Nazari, Arad"]
[Result "0-1"]
[WhiteElo "2253"]
[BlackElo "2401"]
[PlyCount "68"]
[EventDate "2024.09.24"]
[EventType "swiss (blitz)"]
[EventRounds "11"]
[EventCountry "USA"]
[SourceTitle "EXT 2025"]
[Source "ChessBase"]
[SourceDate "2024.10.14"]
[SourceVersion "1"]
[SourceVersionDate "2024.10.14"]
[SourceQuality "1"]

1. d4 Nf6 2. c4 g6 3. Nc3 d5 4. Bf4 Bg7 5. e3 0-0 6. cxd5 Nxd5 7. Nxd5 Qxd5 8. Bxc7 Na6 9. Bxa6 Qxg2 10. Qf3 Qxf3 11. Nxf3 bxa6 12. Rc1 f6 13. Rg1 Bb7 14. Ke2 Rfc8 15. Rc5 Bf8 16. Rgc1 e6 17. R5c3 Bb4 18. Rc4 a5 19. b3 Ba6 20. Bg3 a4 21. Kd3 axb3 22. axb3 Bb5 23. Ke4 Bxc4 24. bxc4 a5 25. Kd3 a4 26. Ra1 a3 27. Ra2 Ra4 28. c5 e5 29. Kc2 exd4 30. exd4 Bxc5 31. dxc5 Rxc5+ 32. Kb3 Ra7 33. Nd4 Rb7+ 34. Ka4 Rc4+ 0-1

[Event "Titled Tuesday intern op 24th Sep Early"]
[Site "Chess.com INT"]
[Date "2024.09.24"]
[Round "7"]
[White "Golis, Wiktor"]
[Black "Bobkov, Vadim"]
[Result "0-1"]
[WhiteElo "2302"]
[BlackElo "2253"]
[PlyCount "84"]
[EventDate "2024.09.24"]
[EventType "swiss (blitz)"]
[EventRounds "11"]
[EventCountry "USA"]
[SourceTitle "EXT 2025"]
[Source "ChessBase"]
[SourceDate "2024.10.14"]
[SourceVersion "1"]
[SourceVersionDate "2024.10.14"]
[SourceQuality "1"]

1. e4 c5 2. Nf3 Nf6 3. Nc3 d5 4. Bb5+ Bd7 5. Bxd7+ Qxd7 6. e5 Ng8 7. d3 Nc6 8. 0-0 e6 9. Re1 Nge7 10. Ne2 Ng6 11. Nf4 Be7 12. Nh5 0-0 13. Nf4 Qc7 14. Nxg6 fxg6 15. c3 Rf5 16. d4 Raf8 17. Qe2 cxd4 18. cxd4 Rxf3 19. gxf3 Nxd4 20. Qd1 Nxf3+ 21. Kf1 Nxe1 22. Qxe1 Qc4+ 23. Kg1 Qg4+ 24. Kh1 Bc5 25. Be3 Qf3+ 26. Kg1 Qg4+ 27. Kh1 Qf3+ 28. Kg1 Rf5 29. Bxc5 Rg5+ 30. Kf1 Qd3+ 31. Qe2 Rg1+ 32. Kxg1 Qxe2 33. Bd6 Qxb2 34. Re1 Qxa2 35. Rc1 g5 36. Rc8+ Kf7 37. Rc7+ Kg6 38. Rxb7 d4 39. Bf8 d3 40. Rxg7+ Kf5 41. Bb4 Qb1+ 42. Kg2 Qxb4 0-1

[Event "Titled Tuesday intern op 24th Sep Late"]
[Site "Chess.com INT"]
[Date "2024.09.24"]
[Round "11"]
[White "Hoffmann, Asa"]
[Black "Bobkov, Vadim"]
[Result "1-0"]
[WhiteElo "2185"]
[BlackElo "2253"]
[PlyCount "85"]
[EventDate "2024.09.24"]
[EventType "swiss (blitz)"]
[EventRounds "11"]
[EventCountry "USA"]
[SourceTitle "EXT 2025"]
[Source "ChessBase"]
[SourceDate "2024.10.14"]
[SourceVersion "1"]
[SourceVersionDate "2024.10.14"]
[SourceQuality "1"]

1. d4 Nf6 2. Bg5 Ne4 3. Bf4 d5 4. f3 Nf6 5. e4 dxe4 6. Nc3 exf3 7. Nxf3 c6 8. Bc4 e6 9. Qe2 Nbd7 10. 0-0-0 Be7 11. g4 b5 12. Bb3 Nd5 13. Nxd5 cxd5 14. g5 a5 15. a4 bxa4 16. Bxa4 Ba6 17. Qe3 Qb6 18. h4 Bb5 19. Bxb5 Qxb5 20. Qd3 Qb7 21. h5 a4 22. g6 f6 23. gxh7 a3 24. b3 a2 25. Kd2 Bb4+ 26. c3 Be7 27. Qg6+ Kd8 28. Qxg7 Qxb3 29. Qxh8+ Nf8 30. Qxf8+ Bxf8 31. h8Q Qb2+ 32. Kd3 Kd7 33. Qh7+ Be7 34. Nh4 a1Q 35. Rxa1 Rxa1 36. Rxa1 Qxa1 37. Ng6 Qb1+ 38. Ke2 Qc2+ 39. Kf3 Qd3+ 40. Be3 Qf1+ 41. Kg3 Qe1+ 42. Bf2 Qxc3+ 43. Kg2 1-0

[Event "Titled Tuesday intern op 17th Sep Early"]
[Site "Chess,com INT"]
[Date "2024.09.17"]
[Round "6"]
[White "Bobkov, Vadim"]
[Black "Suyarov, Mukhammadzokhid"]
[Result "0-1"]
[WhiteElo "2253"]
[BlackElo "2467"]
[PlyCount "48"]
[EventDate "2024.09.17"]
[EventType "swiss (blitz)"]
[EventRounds "11"]
[EventCountry "USA"]
[SourceTitle "EXT 2025"]
[Source "ChessBase"]
[SourceDate "2024.10.14"]
[SourceVersion "1"]
[SourceVersionDate "2024.10.14"]
[SourceQuality "1"]

1. d4 e6 2. c4 b6 3. Nc3 Bb4 4. e4 Bb7 5. f3 f5 6. exf5 Nh6 7. Nh3 Nxf5 8. Bg5 Be7 9. Bxe7 Qxe7 10. Nf2 Nc6 11. Bd3 Ne3 12. Qd2 Nxg2+ 13. Kd1 Nxd4 14. Be4 Nxf3 15. Qd3 Bxe4 16. Qxe4 0-0 17. Kc2 Rae8 18. Rad1 Rf4 19. Qd3 Ne5 20. Qe2 Nxc4 21. Rd3 Ref8 22. Nh3 Rg4 23. Rhd1 Nge3+ 24. Rxe3 Rg2 0-1

[Event "Titled Tuesday intern op 10th Sep Early"]
[Site "Chess,com INT"]
[Date "2024.09.10"]
[Round "1"]
[White "Bobkov, Vadim"]
[Black "Idnani, Taran"]
[Result "1-0"]
[WhiteElo "2253"]
[BlackElo "1993"]
[PlyCount "23"]
[EventDate "2024.09.10"]
[EventType "swiss (blitz)"]
[EventRounds "11"]
[EventCountry "USA"]
[SourceTitle "EXT 2025"]
[Source "ChessBase"]
[SourceDate "2024.10.14"]
[SourceVersion "1"]
[SourceVersionDate "2024.10.14"]
[SourceQuality "1"]

1. d4 Nf6 2. c4 c5 3. d5 b5 4. cxb5 a6 5. Nc3 axb5 6. e4 b4 7. Nb5 d6 8. Bf4 Nbd7 9. Nf3 g6 10. e5 dxe5 11. Nxe5 Nb6 12. Nc6 1-0

[Event "Titled Tuesday intern op 10th Sep Early"]
[Site "Chess,com INT"]
[Date "2024.09.10"]
[Round "11"]
[White "Bobkov, Vadim"]
[Black "Tologontegin, Semetey"]
[Result "0-1"]
[WhiteElo "2253"]
[BlackElo "2337"]
[PlyCount "100"]
[EventDate "2024.09.10"]
[EventType "swiss (blitz)"]
[EventRounds "11"]
[EventCountry "USA"]
[SourceTitle "EXT 2025"]
[Source "ChessBase"]
[SourceDate "2024.10.14"]
[SourceVersion "1"]
[SourceVersionDate "2024.10.14"]
[SourceQuality "1"]

1. d4 d5 2. c4 e6 3. Nc3 Nf6 4. cxd5 exd5 5. Bg5 Be7 6. e3 Nbd7 7. Bd3 0-0 8. Qc2 c6 9. Nf3 h6 10. Bh4 Nh5 11. Bxe7 Qxe7 12. 0-0-0 Nb6 13. h3 Nf6 14. g4 Ne8 15. Rhg1 g6 16. h4 Nd6 17. h5 g5 18. Ne5 Nbc4 19. Bxc4 Nxc4 20. Nxc4 dxc4 21. Ne4 Re8 22. Nd2 b5 23. Rde1 Qf6 24. f4 gxf4 25. g5 hxg5 26. Nf3 g4 27. Ne5 Rxe5 28. dxe5 Qxe5 29. exf4 Qxf4+ 30. Qd2 Qxd2+ 31. Kxd2 Be6 32. Ke3 Kg7 33. Kf4 Kh6 34. Re5 Rd8 35. Ke3 Rd3+ 36. Ke2 Rh3 37. Kf2 Rxh5 38. Rxh5+ Kxh5 39. Re1 Kg5 40. Kg3 Bd5 41. Re7 a5 42. Ra7 a4 43. a3 f5 44. Rg7+ Kf6 45. Rh7 Ke5 46. Re7+ Kd4 47. Kf4 Be4 48. Rd7+ Kc5 49. Rd2 c3 50. bxc3 Kc4 0-1